| 000 | 00596nam a22001937a 4500 | ||
|---|---|---|---|
| 003 | OSt | ||
| 005 | 20260610154856.0 | ||
| 008 | 260610b |||||||| |||| 00| 0 eng d | ||
| 020 | _a1-59667-021-5 | ||
| 040 | _cChuka University Library | ||
| 050 |
_aLB 1025.3 _b.B7 2006 |
||
| 100 |
_aBreaux Annette _927062 |
||
| 245 |
_aSeven simple sicrets _bWhat the best teachers know and do |
||
| 260 |
_a6 depot way west,suite 106 _bEye on education _c2006 |
||
| 300 | _a136p. | ||
| 650 |
_aTeaching handbook manual _928393 |
||
| 650 |
_aClassroom management handbook manual _928394 |
||
| 942 |
_2lcc _cBK _n0 |
||
| 999 |
_c23888 _d23888 |
||